| 000 | 00374 a2200157 4500 | ||
|---|---|---|---|
| 005 | 20250616141800.0 | ||
| 020 | _a97865432 | ||
| 082 | _a658.8 KOT | ||
| 100 | _aKOTLER,P. | ||
| 245 | _aMarketing Management | ||
| 250 | _a13rd Ed. | ||
| 260 |
_aLondon, _bPerson Education, _c2009 |
||
| 300 |
_a816p.ill.;picture,table _bIndex _c27cm |
||
| 700 | _aKELLER,K. | ||
| 942 |
_2ddc _cBKS |
||
| 999 |
_c4157 _d4157 |
||